Môžu ich naháňať...

Bibliographic Details
Main Author: (jk) (Author)
Format: Article
Language:Slovak
Subjects:

MARC

LEADER 00000nab a2200000 a 4500
001 vtls000913873
003 SK-MaSNL
005 20260302173900.0
008 040720e19910624xo 0 slo
035 |a KE22769 
040 |a KEVKJB  |b slo  |c KEVKJB  |e AACR2 
041 0 |a slo 
044 |a xo  |c SK 
080 |a 796.332  |2 1981 
100 0 |a (jk)  |4 aut  |9 845332 
245 1 0 |a Môžu ich naháňať... 
650 0 7 |a futbal  |2 KEVKJB  |9 3291 
650 0 7 |a rozhodcovia (šport)  |2 KEVKJB  |9 29790 
650 0 7 |a pripravenosť kondičná  |2 KEVKJB  |9 882571 
650 0 7 |a previerky  |2 KEVKJB  |9 621866 
650 0 7 |a informácie  |2 KEVKJB  |9 1285 
651 7 |a Košice (Slovensko)  |2 KEVKJB  |9 18694 
651 7 |a KE,  |2 KEVKJB  |9 877256 
655 7 |a periodikum  |2 snkbucl  |9 29553 
773 0 8 |t Slovenský východ  |g Roč. 1  |g Roč. 20, č.146, 24.6.1991, s. 5 
852 |a ZVYKNI  |b KIS3GCP 
999 |c 1402564  |d 1404494